000 00813nam a2200229Ii 4500
003 JO-AjNU
008 230605s9999||||xx |||||||||||||| ||und||
017 _a2011/9/3547
020 _a978-9957-24-795-9
040 _aJO-AjNU
_bara
_erda
_cJO-AjNU
041 _aara
050 1 4 _aLC3965.U239 2013
100 3 _aعبيد،ماجدة السيد,
_eauthor
_944609
245 0 0 _aالخدمات المساندة في التربية الخاصة
250 _aط1
264 3 1 _aعمان:دار الصفاء،2013
300 _a303ص
336 _atext
_btxt
_2rdacontent
337 _aunmediated
_bn
_2rdamedia
338 _avolume
_bnc
_2rdacarrier
650 4 _aالتربية الخاصة-التعليم الخاص . معوقون-تربية. معوقون-رعاية. معوقون-تعليم.
_944610
999 _aA19274
_c22842
_d22842